000 00403nam a2200121Ia 4500
008 160712s9999 xx 000 0 und d
100 _aVillasenor, Irene M.
245 _cIrene M. Villasenor
_aNutraceuticals: Dietary Flavonoids
260 _c2011
_bScience Diliman
300 _avol. 23 no. 1
650 _xSCIENCE
856 _uhttp://journals.upd.edu.ph/index.php/sciencediliman/issue/view/289/showToc
999 _c297644
_d297644